| 000 | 01272cam a2200301 4500 | ||
|---|---|---|---|
| 001 | L123657 | ||
| 008 | 030917n2003 000 0 eng u | ||
| 020 | _a0860175987 | ||
| 035 | _a(Sirsi) u123657 | ||
| 041 | _aeng | ||
| 050 |
_a614.8312 _c18 |
||
| 100 | _aCassie, S. | ||
| 245 |
_aChemical storage tank systems - good practice _bguidance on design, manufacture, installation, operation, inspection and maintenance |
||
| 260 |
_aLondon _bCIRIA _c2003 |
||
| 300 |
_a242p. _c30cm. |
||
| 350 | _a96 | ||
| 490 |
_aCIRIA Publication _vC598 |
||
| 520 | _aThis guidance document addresses good practice from the inception of a chemical storage system through installation, operation, inspection and maintenance. Details of the legislative framework relating to chemical storage tanks are provided and health and safety issues are also described. Relevant to all organisations represented on a site where chemicals are stored. | ||
| 520 | _aAccompanied by a CD-ROM (L145253) which is not available for loan. | ||
| 650 | _aCHEMICAL STORAGE SYSTEMS | ||
| 650 | _aCHEMICALS | ||
| 650 |
_aEnvironment _96238 |
||
| 650 | _aBUILDING SITES | ||
| 650 | _aHAZARDOUS SUBSTANCES | ||
| 690 | _aBUILT ENVIRONMENT-BUILDING STANDARDS | ||
| 700 | _aSeale, L. | ||
| 942 | _n0 | ||
| 999 |
_c103081 _d103081 |
||